| 000 | 01842nam a2200505 i 4500 | ||
|---|---|---|---|
| 001 | mlg46579422 | ||
| 003 | KyBuM | ||
| 005 | 20230420161218.0 | ||
| 008 | 221014t20222022nyua b 000 1 eng d | ||
| 010 | _a 2021048001 | ||
| 020 |
_a9780593374542 : _c17.93 |
||
| 040 |
_aKyBuM _beng _erda _cKyBuM |
||
| 050 | 0 | 0 |
_aPZ7.D4504 _bTh 2022 |
| 082 | 0 | 0 |
_aE _223 |
| 092 |
_achildren nonfiction _bde Sève |
||
| 100 | 1 |
_ade Sève, Randall, _eauthor. _96199336 |
|
| 245 | 1 | 0 |
_aThis story is not about a kitten / _cwritten by Randall de Sève ; illustrated by Carson Ellis. |
| 250 | _aFirst edition. | ||
| 264 | 1 |
_aNew York : _bRandom House Studio, _c[2022] |
|
| 264 | 4 | _ccopyright 2022 | |
| 300 |
_a36 unnumbered pages : _bcolor illustrations ; _c24 x 29 cm |
||
| 336 | _atext | ||
| 337 | _aunmediated | ||
| 338 | _avolume | ||
| 510 | 3 | _aJunior Library Guild | |
| 520 | _aA neighborhood comes together to help a kitten without a home. | ||
| 521 | 1 |
_aAges 5-7 _bJunior Library Guild. |
|
| 521 | 2 |
_aGrades K-2 _bJunior Library Guild. |
|
| 586 | _aA Junior Library Guild selection | ||
| 650 | 0 |
_aCats _vJuvenile fiction. _95674206 |
|
| 650 | 0 |
_aHelping behavior _vJuvenile fiction. _95696724 |
|
| 650 | 0 |
_aNeighbors _vJuvenile fiction. _95692634 |
|
| 650 | 1 |
_aAnimals _xInfancy _vFiction. _95674959 |
|
| 650 | 1 |
_aCats _vFiction. _95674208 |
|
| 650 | 1 |
_aHelpfulness _vFiction. _95696726 |
|
| 650 | 1 |
_aNeighbors _vFiction. _95678608 |
|
| 650 | 1 | _aPicture books. | |
| 650 | 7 |
_aCats _vFiction. _2sears _95674208 |
|
| 650 | 7 |
_aHelping behavior _vFiction. _2sears _95717604 |
|
| 650 | 7 |
_aNeighborhood _vFiction. _2sears _96406603 |
|
| 650 | 7 |
_aPicture books for children. _2sears |
|
| 655 | 7 |
_aPicture books. _2lcgft |
|
| 700 | 1 |
_aEllis, Carson, _d1975- _eillustrator. _955443 |
|
| 942 |
_2ddc _cBOOK |
||
| 999 |
_c378819 _d378819 |
||